Number of NFL Teams by State - Whammies - Statistics

General Stats
  • This quiz has been taken 116 times
  • The average score is 13 of 20
Answer Stats
State Team(s) # Teams % Correct
Arizona Cardinals 1
96%
Texas Cowboys, Texans 2
96%
North Carolina Panthers 1
94%
California 49ers, Chargers, Rams 3
92%
Washington Seahawks 1
83%
Kansas 0
82%
Illinois Bears 1
80%
Ohio Bengals, Browns 2
62%
Georgia Falcons 1
61%
Pennsylvania Eagles, Steelers 2
58%
Michigan Lions 1
57%
New York Bills 1
56%
Indiana Colts 1
56%
Hawaii 0
45%
Minnesota Vikings 1
45%
Florida Buccaneers, Dolphins, Jaguars 3
40%
Massachusetts Patriots 1
39%
Colorado Broncos 1
39%
Nevada Raiders 1
38%
Missouri Chiefs 2
38%
No matching quizzes found
Score Distribution
Percent of People with Each Score
Percentile by Number Answered
Your Score History
You have not taken this quiz